|
|
|
|
| LEADER |
01688nam a2200301 u 4500 |
| 001 |
10066933 |
| 003 |
upatras |
| 005 |
20210117201416.0 |
| 008 |
080625s2003 gr gre |
| 040 |
|
|
|a GR-PaULI
|c GR-PaULI
|
| 041 |
0 |
|
|a gre
|
| 082 |
0 |
4 |
|a 711.4
|
| 245 |
1 |
0 |
|a 4η παελλήνια έκθεση αρχιτεκτονικού έργου
|b 4th Pan-Hellnic exhibition of architectural work
|c επιμέλεια καταλόγου Νικόλας Τραβασάρος
|
| 246 |
1 |
1 |
|a 4th Pan - Hellenic excibition of architectural work
|b coastal areas and urban events
|
| 260 |
|
|
|a Πάτρα
|c 2003
|
| 300 |
|
|
|a 214 σ.
|c 22 εκ.
|
| 650 |
|
4 |
|a Πολεοδομία
|9 8564
|
| 650 |
|
4 |
|9 2
|a Αρχιτεκτονική, Οικιακή
|z Ελλάδα
|
| 700 |
1 |
|
|a Τραβασάρος
|9 60810
|
| 852 |
|
|
|a GR-PaULI
|b ΠΑΤΡΑ
|b ΒΚΠ
|b ΒΣ1
|k ΑΣΧΕ
|h 711.4 ΤΡΑ
|m 090318
|p 025000160423
|t 1
|
| 852 |
|
|
|a GR-PaULI
|b ΠΑΤΡΑ
|b ΒΚΠ
|b ΒΣ1
|k ΑΣΧΕ
|h 711.4 ΤΡΑ
|m 090319
|p 025000160422
|t 2
|
| 852 |
|
|
|a GR-PaULI
|b ΠΑΤΡΑ
|b ΒΚΠ
|b ΒΣ1
|k ΑΣΧΕ
|h 711.4 ΤΡΑ
|m 090317
|p 025000160424
|t 3
|
| 942 |
|
|
|2 ddc
|c BK15
|
| 952 |
|
|
|0 0
|1 0
|4 0
|6 711_400000000000000_ΤΡΑ
|7 0
|9 67174
|a LISP
|b LISP
|c BSC
|d 2016-04-24
|i 090318
|l 0
|o 711.4 ΤΡΑ
|p 025000160423
|r 2016-04-24 00:00:00
|t 1
|w 2016-04-24
|y BK15
|
| 952 |
|
|
|0 0
|1 0
|4 0
|6 711_400000000000000_ΤΡΑ
|7 0
|9 67175
|a LISP
|b LISP
|c BSC
|d 2016-04-24
|i 090319
|l 0
|o 711.4 ΤΡΑ
|p 025000160422
|r 2016-04-24 00:00:00
|t 2
|w 2016-04-24
|y BK15
|
| 952 |
|
|
|0 0
|1 0
|4 0
|6 711_400000000000000_ΤΡΑ
|7 0
|9 67176
|a LISP
|b LISP
|c BSC
|d 2016-04-24
|i 090317
|l 0
|o 711.4 ΤΡΑ
|p 025000160424
|r 2016-04-24 00:00:00
|t 3
|w 2016-04-24
|y BK15
|
| 998 |
|
|
|c ΣΑΤΛΑΝΗΣ
|d 2008-06
|
| 999 |
|
|
|c 43225
|d 43225
|